|
|
|
|
| LEADER |
00000nab a2200000uu 4500 |
| 001 |
vtls011487409 |
| 003 |
SK-MaSNL |
| 005 |
20260303105355.0 |
| 008 |
230121|2009 xo |||||||||||||||||slo| |
| 015 |
|
|
|a SNBRB
|
| 035 |
|
|
|a (urnnbn)urn:nbn:sk:snk:ar-007bbh
|
| 035 |
|
|
|a (uuid)b8f61e9e-ddbc-476a-9a10-de98afed89d6
|
| 035 |
|
|
|a urn:nbn:sk:snk-abddbf
|
| 040 |
|
|
|a SNKBUCL
|b slo
|c SNKBUCL
|e AACR2
|
| 041 |
0 |
|
|a slo
|
| 044 |
|
|
|a xo
|c SK
|
| 100 |
1 |
|
|a Poláková, D.
|4 aut
|9 1120614
|
| 245 |
1 |
0 |
|a VÝCHOVNÁ REHABILITÁCIA - ŠKOLA BEDROVÉHO KĹBU, JEJ POSTAVENIE V RÁMCI REHABILITÁCIE
|c D. Poláková
|
| 773 |
0 |
|
|t Rehabilitácia : odborný časopis pre otázky liečebnej, pracovnej, psychosociálnej a výchovnej rehabilitácie
|g Roč. 46, č. 1 (2009), s. 26-34
|
| 954 |
|
|
|a odborná, vedecká literatúra pôvodná (slovenská)
|2 lita
|
| 958 |
|
|
|a OND
|
| 958 |
|
|
|a EUIPO
|
| 958 |
|
|
|a article18
|
| 999 |
|
|
|c 1862621
|d 1864551
|